Statistiques concernant Personnages de l'univers de Kirby par Emojis

Cliquez ici pour prendre le quiz!

Statistiques générales

  • Ce quiz a été pris 307 fois
  • Le résultat moyen est 4 sur 10

Statistiques - réponses

EmojisJeux% Correct
Kirby
100%
Roi Dadidou
80%
Meta Knight
69%
Whispy Woods
40%
Kracko
37%
Magolor
20%
Landia
17%
Taranza
17%
Waddle Doo
14%
Rick
12%

Distribution des résultats

Percentile par nombre de réponses

% des personnes avec chaque résultat

Votre développement - résultats

Vous n’avez pas pris ce quiz